[Event "10. Bayer Open"]
[Site "?"]
[Date "2012.01.11"]
[Round "1"]
[White "Rotstein, Jefim"]
[Black "Hoffmann, Hans-Paul"]
[Result "1-0"]
[WhiteElo "2291"]
[BlackElo "1837"]
[PlyCount "105"]
[EventDate "2012.??.??"]
[SourceDate "2012.01.12"]

1. d4 d5 2. Nf3 e6 3. e3 f5 4. c4 c6 5. Bd3 Nf6 6. O-O Be7 7. b3 O-O 8. Ba3 Bd7
9. Bxe7 Qxe7 10. Ne5 Be8 11. Nd2 Nbd7 12. Nxd7 Qxd7 13. b4 Bh5 14. Qb3 Ne4 15.
Qb2 Qe7 16. f4 Nf6 17. a4 Bf7 18. Nf3 dxc4 19. Bxc4 Nd5 20. Bxd5 exd5 21. Ne5
Be8 22. b5 cxb5 23. axb5 a6 24. bxa6 bxa6 25. Rfc1 Bb5 26. Rc5 Rad8 27. Rac1
Qe6 28. Qb3 Rfe8 29. R1c3 h6 30. Qc2 Kh7 31. Rc7 Rf8 32. Rb7 Bc4 33. Kf2 Rc8
34. g4 Qf6 35. Kg3 h5 36. Qxf5+ Qxf5 37. gxf5 Rxf5 38. e4 h4+ 39. Kg4 Rxe5 40.
Rxc4 dxc4 41. fxe5 c3 42. Rb1 Kg6 43. d5 Kf7 44. e6+ Kg6 45. d6 Kf6 46. e7 Ke6
47. e5 c2 48. Rc1 Rc4+ 49. Kh5 Kd7 50. e6+ Ke8 51. Rf1 Rc5+ 52. Kg6 c1=Q 53.
Rf8# 1-0

[Event "10. Bayer Open"]
[Site "?"]
[Date "2012.01.11"]
[Round "1"]
[White "Baier, Uwe"]
[Black "Khanukov, Boris"]
[Result "0-1"]
[WhiteElo "1718"]
[BlackElo "2236"]
[PlyCount "70"]
[EventDate "2012.??.??"]
[SourceDate "2012.01.12"]

1. e4 c5 2. c3 Nf6 3. e5 Nd5 4. d4 cxd4 5. cxd4 Nc6 6. Nf3 d6 7. Bc4 Nb6 8. Bb5
dxe5 9. Nxe5 Bd7 10. Nxd7 Qxd7 11. Nc3 e6 12. O-O Be7 13. Qg4 Bf6 14. Rd1 h5
15. Qe4 a6 16. Bxc6 bxc6 17. Bf4 Nd5 18. Be5 Qe7 19. Na4 O-O 20. Rac1 Rfc8 21.
Rc5 Bxe5 22. Qxe5 g6 23. a3 Qb7 24. Rd3 Qb8 25. Ra5 Rd8 26. Qg3 Nf4 27. Qf3
Nxd3 28. Qxd3 Qf4 29. g3 Qxd4 30. Qf3 Qd2 31. Rc5 Qe1+ 32. Kg2 Rd1 33. Qxc6
Qf1+ 34. Kf3 Rd3+ 35. Ke4 Qe2+ 0-1

[Event "10. Bayer Open"]
[Site "?"]
[Date "2012.01.11"]
[Round "1"]
[White "Ivic, Roman"]
[Black "Decker, Andreas"]
[Result "1-0"]
[WhiteElo "2020"]
[BlackElo "1808"]
[PlyCount "99"]
[EventDate "2012.??.??"]
[SourceDate "2012.01.12"]

1. c4 Nf6 2. Nc3 e5 3. g3 Bc5 4. Bg2 O-O 5. d3 c6 6. e4 d6 7. h3 Be6 8. Nf3 h6
9. O-O a5 10. Na4 Ba7 11. c5 Na6 12. Be3 dxc5 13. Nxe5 Nd7 14. Nf3 Qe7 15. b3
Rfd8 16. a3 b5 17. Nb2 Nb6 18. Qc2 Rac8 19. Bd2 a4 20. bxa4 c4 21. d4 Nc7 22.
Bb4 Qe8 23. a5 Nd7 24. Rad1 g5 25. Bc3 f6 26. Rfe1 Qg6 27. g4 Bb8 28. Qe2 Bf7
29. Nh2 Ne6 30. Qf3 Nf4 31. Nf1 Nf8 32. Ne3 Qh7 33. Nf5 Rd7 34. Bb4 N8g6 35.
Qe3 Re8 36. Qc3 Nxg2 37. Kxg2 h5 38. Rh1 Rxe4 39. f3 Nf4+ 40. Kf1 Re2 41. Re1
Nd5 42. Qc1 Bf4 43. Qb1 Rxe1+ 44. Qxe1 Rd8 45. Nd1 Re8 46. Qf2 Bg6 47. Qc2 h4
48. Kg2 Bg3 49. Kf1 $19 Re1+ $4 50. Bxe1 1-0

[Event "10. Bayer Open"]
[Site "?"]
[Date "2012.01.11"]
[Round "1"]
[White "Vitz, Hans-Joachim"]
[Black "Kniest, Oliver"]
[Result "0-1"]
[WhiteElo "1796"]
[BlackElo "2243"]
[PlyCount "50"]
[EventDate "2012.??.??"]
[SourceDate "2012.01.12"]

1. c4 b6 2. Nc3 Bb7 3. e4 e6 4. Be2 c5 5. Bf3 Nc6 6. d3 g6 7. Bf4 a6 8. Nge2
Bg7 9. e5 Qc7 10. d4 cxd4 11. Nxd4 Bxe5 12. Bxe5 Qxe5+ 13. Nde2 Nf6 14. Qd2 O-O
15. O-O Rfd8 16. Rfd1 Na5 17. Bxb7 Nxb7 18. Qd4 Qxd4 19. Rxd4 Rac8 20. Rad1 e5
21. R4d2 Rxc4 22. Nd5 Nxd5 23. Rxd5 d6 24. Nc3 b5 25. f3 f5 0-1

[Event "10. Bayer Open"]
[Site "?"]
[Date "2012.01.11"]
[Round "1"]
[White "Auer, Martin"]
[Black "Ringeltaube, Denny"]
[Result "1-0"]
[WhiteElo "2214"]
[BlackElo "1687"]
[PlyCount "63"]
[EventDate "2012.??.??"]
[SourceDate "2012.01.12"]

1. e4 c5 2. Nf3 d6 3. d4 cxd4 4. Nxd4 Nf6 5. Nc3 a6 6. Bc4 e6 7. Bb3 Be7 8. Be3
Nbd7 9. f4 Nc5 10. Qf3 Qc7 11. O-O Nxb3 12. cxb3 O-O 13. Rac1 Qd8 14. Rfd1 Ne8
15. b4 Bd7 16. Nb3 b6 17. a4 Qb8 18. b5 Nc7 19. Nd4 axb5 20. axb5 Qb7 21. Nc6
Bxc6 22. bxc6 Qb8 23. Bd4 Rc8 24. f5 Ne8 25. fxe6 fxe6 26. Qg4 Bf6 27. Qxe6+
Kh8 28. Bxf6 Nxf6 29. Qxd6 Qa7 30. Nb5 Qa5 31. e5 Ng8 32. Nc7 1-0

[Event "10. Bayer Open"]
[Site "?"]
[Date "2012.01.11"]
[Round "1"]
[White "Skiber, Friedel"]
[Black "Balduan, Markus"]
[Result "0-1"]
[WhiteElo "1575"]
[BlackElo "2189"]
[PlyCount "108"]
[EventDate "2012.??.??"]
[SourceDate "2012.01.12"]

1. e4 c5 2. Nf3 g6 3. Nc3 Bg7 4. d4 cxd4 5. Nxd4 Nc6 6. Nb3 Nf6 7. Bd3 O-O 8.
O-O d6 9. f4 a6 10. Qe1 b5 11. a3 Be6 12. Nd2 b4 13. Ne2 bxa3 14. Rxa3 Nb4 15.
f5 Bd7 16. Nf3 Nxd3 17. Rxd3 Nxe4 $1 18. fxg6 hxg6 19. Nf4 Nc5 20. Ra3 e5 21.
Nd5 Bc6 22. c4 Ne6 23. Qg3 e4 24. Ng5 Bxd5 25. cxd5 Nxg5 26. Bxg5 Qb6+ 27. Kh1
Qxb2 28. Rb3 Qe2 29. Re1 Qh5 30. Bf4 Be5 31. Bxe5 Qxe5 32. Qxe5 dxe5 33. Rxe4
f6 34. d6 {Weiß bietet Remis an.} Kf7 35. Rd3 Ke6 36. g3 Rfd8 37. Rb4 Rxd6 38.
Ra3 a5 39. Rb5 a4 40. Kg2 Raa6 41. Rb4 Rd4 42. Rb7 f5 43. Kf3 g5 44. h3 Rad6
45. Ke3 f4+ 46. gxf4 gxf4+ 47. Kf3 Rd3+ 48. Rxd3 Rxd3+ 49. Kg4 Rg3+ 50. Kh4 a3
51. Ra7 Kf5 52. Rf7+ Ke4 53. Ra7 Rd3 54. Kg4 f3 0-1

[Event "10. Bayer Open"]
[Site "?"]
[Date "2012.01.11"]
[Round "1"]
[White "Negele, Michael"]
[Black "Themm, Rainer"]
[Result "1-0"]
[WhiteElo "2134"]
[BlackElo "1753"]
[PlyCount "75"]
[EventDate "2012.??.??"]
[SourceDate "2012.01.12"]

1. e4 c5 2. d4 cxd4 3. c3 dxc3 4. Nxc3 Nc6 5. Nf3 e6 6. Bc4 Nf6 7. Qe2 Bb4 8.
O-O Bxc3 9. bxc3 d5 10. exd5 Nxd5 11. Rd1 O-O 12. Qc2 Qc7 13. Ba3 Re8 14. Bxd5
exd5 15. Ng5 g6 16. Rxd5 Be6 17. Bd6 Qd8 18. Nxe6 Rxe6 19. Qd2 Qe8 20. c4 Rc8
21. h4 Ne5 22. c5 Nc4 23. Qb4 Re4 24. Qxb7 Re1+ 25. Rxe1 Qxe1+ 26. Kh2 Nxd6 27.
cxd6 Rc4 28. Qb8+ Kg7 29. d7 Rxh4+ 30. Kg3 Qe4 31. Qb2+ Kh6 32. Qd2+ Kg7 33.
Qc3+ f6 34. Qxf6+ Kxf6 35. d8=Q+ Ke6 36. Qd6+ Kf7 37. Qc7+ Ke6 38. Qc6+ 1-0

[Event "10. Bayer Open"]
[Site "?"]
[Date "2012.01.11"]
[Round "1"]
[White "Eschweiler, Gottfried"]
[Black "Lemanczyk, Thomas"]
[Result "0-1"]
[WhiteElo "1549"]
[BlackElo "2245"]
[PlyCount "56"]
[EventDate "2012.??.??"]
[SourceDate "2012.01.12"]

1. Nf3 Nf6 2. d3 d5 3. Nbd2 c5 4. g3 g6 5. Bg2 Bg7 6. O-O O-O 7. e4 Nc6 8. c3
e5 9. a4 b6 10. Re1 Re8 11. Qc2 Ba6 12. Bf1 Rc8 13. exd5 Qxd5 14. c4 Qd7 15.
Ne4 Bb7 16. Bg5 Nh5 17. Rad1 h6 18. Bc1 Nb4 19. Qe2 f5 20. Nc3 Nf4 21. gxf4
exf4 22. Qd2 Bxf3 23. Rxe8+ Rxe8 24. Re1 Rxe1 25. Qxe1 g5 26. Qd2 Nc6 27. Bh3
Ne5 28. Kf1 Qxd3+ 0-1

[Event "10. Bayer Open"]
[Site "?"]
[Date "2012.01.11"]
[Round "1"]
[White "Wolfradt, Dirk"]
[Black "Karwatzki, Hans-Jürgen"]
[Result "1-0"]
[WhiteElo "2067"]
[BlackElo "1593"]
[PlyCount "57"]
[EventDate "2012.??.??"]
[SourceDate "2012.01.12"]

1. e4 e5 2. Nf3 Nc6 3. Bc4 Nf6 4. d3 Bc5 5. Bg5 d6 6. h3 O-O 7. Nc3 Be6 8. Nd5
Bxd5 9. Bxd5 Qe7 10. Nh4 Nd4 11. c3 Ne6 12. Nf5 Qd8 13. Bh4 c6 14. Bb3 Nf4 15.
Qf3 Ng6 16. Bg5 a5 17. Bxf6 Qxf6 18. Nh6+ Kh8 19. Nxf7+ Rxf7 20. Bxf7 Nf4 21.
Bb3 Nxd3+ 22. Qxd3 Qxf2+ 23. Kd1 Qxb2 24. Rc1 Qxg2 25. Rf1 a4 26. Be6 d5 27.
Qe2 Qxe2+ 28. Kxe2 dxe4 29. Rcd1 1-0

[Event "10. Bayer Open"]
[Site "?"]
[Date "2012.01.11"]
[Round "1"]
[White "Granz, Thomas"]
[Black "Peschel, Andreas"]
[Result "0-1"]
[WhiteElo "1656"]
[BlackElo "2163"]
[PlyCount "32"]
[EventDate "2012.??.??"]
[SourceDate "2012.01.12"]

1. d4 c5 2. e3 Nf6 3. Nf3 d5 4. c4 Bg4 5. Be2 e6 6. Nc3 Be7 7. O-O O-O 8. cxd5
exd5 9. Qb3 cxd4 10. Qxb7 dxc3 11. Qxa8 Qb6 12. e4 Nc6 13. Qxf8+ Bxf8 14. exd5
cxb2 15. Rb1 bxc1=Q 16. Rxb6 Qxf1+ 0-1

[Event "10. Bayer Open"]
[Site "?"]
[Date "2012.01.11"]
[Round "1"]
[White "Ljuboschiz, Alexander"]
[Black "Falge, Rainer"]
[Result "1-0"]
[WhiteElo "1992"]
[BlackElo "1642"]
[PlyCount "45"]
[EventDate "2012.??.??"]
[SourceDate "2012.01.12"]

1. e4 d6 2. d4 Nf6 3. Nf3 g6 4. Nc3 Bg7 5. Be3 c6 6. Qd2 b5 7. Bd3 Na6 8. Bh6
Bxh6 9. Qxh6 Nb4 10. Qd2 Bg4 11. Be2 Qb6 12. O-O a5 13. h3 Be6 14. Rfe1 O-O 15.
Ng5 Na6 16. Nxe6 fxe6 17. Bf3 Rad8 18. Rad1 Nc7 19. Qg5 Rf7 20. e5 Nd7 21. exd6
Nd5 22. dxe7 Nxe7 23. Rxe6 1-0

[Event "10. Bayer Open"]
[Site "?"]
[Date "2012.01.11"]
[Round "1"]
[White "Wehr, Günter"]
[Black "Keller, Karsten"]
[Result "0-1"]
[WhiteElo "1478"]
[BlackElo "2127"]
[PlyCount "90"]
[EventDate "2012.??.??"]
[SourceDate "2012.01.12"]

1. d4 f5 2. Nf3 Nf6 3. Bf4 g6 4. c4 Bg7 5. Nc3 d6 6. e3 O-O 7. Be2 c6 8. h3 Qe8
9. O-O h6 10. Re1 Nbd7 11. Qb3 e5 12. c5+ Kh7 13. dxe5 dxe5 14. Bg3 Nxc5 15.
Qb4 Nfe4 16. Nxe4 Nxe4 17. Bxe5 Bxe5 18. Nxe5 c5 19. Qb3 Qxe5 20. Rad1 b6 21.
Bc4 Qg7 22. f3 Nf6 23. Rd6 Bb7 24. Red1 Rae8 25. Be6 Bc8 26. Bxc8 Rxc8 27. Qc3
Rc7 28. g4 fxg4 29. hxg4 Qf7 30. Qe5 Re7 31. Qf4 Ne8 32. Rd7 Rxd7 33. Rxd7 Qxd7
34. Qxf8 Qd1+ 35. Kf2 Qd2+ 36. Kg3 Qd6+ 37. Qf4 g5 38. Qxd6 Nxd6 39. e4 Kg7 40.
e5 Nc4 41. f4 Nxb2 42. f5 Nd3 43. e6 Kf6 44. Kf3 Nf4 45. Ke4 Nxe6 0-1

[Event "10. Bayer Open"]
[Site "?"]
[Date "2012.01.11"]
[Round "1"]
[White "Weimann, Maximilian"]
[Black "Neumann, Thomas"]
[Result "1-0"]
[WhiteElo "2129"]
[BlackElo "1702"]
[PlyCount "53"]
[EventDate "2012.??.??"]
[SourceDate "2012.01.12"]

1. e4 c5 2. Nf3 Nc6 3. Nc3 g6 4. d4 cxd4 5. Nxd4 Bg7 6. Nde2 Nf6 7. g3 O-O 8.
Bg2 d6 9. O-O Bg4 10. h3 Be6 11. Nd5 Bxd5 12. exd5 Ne5 13. a4 Rb8 14. Be3 Qa5
15. b3 Rfc8 16. c4 Ned7 17. Rb1 a6 18. Nd4 Qd8 19. Re1 Qe8 20. a5 Qd8 21. Qd2
Nc5 22. Bg5 Qc7 23. b4 Ncd7 24. Rbc1 Kf8 25. c5 Ne5 26. f4 Ned7 27. c6 1-0

[Event "10. Bayer Open"]
[Site "?"]
[Date "2012.01.11"]
[Round "1"]
[White "Plückelmann, Thomas"]
[Black "Kappelt, Jörg"]
[Result "0-1"]
[WhiteElo "1700"]
[BlackElo "2149"]
[PlyCount "119"]
[EventDate "2012.??.??"]
[SourceDate "2012.01.12"]

1. d4 d6 2. c4 e5 3. dxe5 dxe5 4. Qxd8+ Kxd8 5. Nf3 f6 6. Nc3 Be6 7. e3 Nd7 8.
Be2 c6 9. b3 Bb4 10. Bd2 a5 11. Na4 Bc5 12. Bc3 Kc7 13. O-O Be7 14. Rfd1 Nh6
15. Rd2 Nf7 16. Kf1 g5 17. h3 h5 18. h4 g4 19. Ne1 Nd6 20. g3 Ne4 21. Rdd1 b6
22. Bd3 Nxc3 23. Nxc3 f5 24. Nc2 Nc5 25. Be2 Rhf8 26. Kg1 Rad8 27. Rab1 Bf6 28.
Rbc1 Rxd1+ 29. Rxd1 Bc8 30. Rd2 f4 31. Kh2 Bg7 32. e4 Ne6 33. Ne1 Bh6 34. Rd1
Nd4 35. Nd3 Bg7 36. Bf1 Be6 37. Be2 Bg8 38. Bf1 Bh7 39. Be2 Bg6 40. Bf1 Rf7 41.
Kg2 Kd7 42. Rd2 Ke6 43. Nb2 Bf8 44. Nd3 Bb4 45. Nxb4 axb4 46. c5 bxc3 47. Bc4+
Kf6 48. Rd1 c2 49. Rc1 Bxe4+ 50. Kf1 Rb7 51. cxb6 Rxb6 52. Ke1 c5 53. Kd2 f3
54. Re1 Bf5 55. Re3 Rb8 56. a4 Be6 57. Rc3 Bxc4 58. Rxc4 Rxb3 59. Rxc5 Rb1 60.
a5 0-1

[Event "10. Bayer Open"]
[Site "?"]
[Date "2012.01.11"]
[Round "1"]
[White "Sockel, Karl-Heinz"]
[Black "Düxmann, Marcel"]
[Result "1-0"]
[WhiteElo "1974"]
[BlackElo "1660"]
[PlyCount "77"]
[EventDate "2012.??.??"]
[SourceDate "2012.01.12"]

1. d4 Nf6 2. Nf3 g6 3. c4 Bg7 4. Nc3 d6 5. g3 c6 6. Bg2 Nbd7 7. b3 O-O 8. O-O
a6 9. Bb2 e5 10. e3 Rb8 11. Ba3 c5 12. dxe5 dxe5 13. Qc2 b5 14. Bb2 bxc4 15.
bxc4 Bb7 16. Rfd1 Qb6 17. Rab1 Qe6 18. Nd5 Nxd5 19. cxd5 Bxd5 20. Ng5 Qe7 21.
Rxd5 Nb6 22. Nh3 Nxd5 23. Bxd5 Qd7 24. Bg2 Rfc8 25. Bc3 Rxb1+ 26. Qxb1 h6 27.
Qe4 Rb8 28. Qc2 Rb6 29. Bf1 Rd6 30. Kg2 g5 31. Qe4 Qc6 32. Qxc6 Rxc6 33. Bc4
Kf8 34. Kf1 Rb6 {Schwarz bietet Remis an.} 35. Bb3 Ke8 36. Ke2 f6 37. Kd3 Bf8
38. f3 f5 39. Bxe5 1-0

[Event "10. Bayer Open"]
[Site "?"]
[Date "2012.01.11"]
[Round "1"]
[White "Liebsch, Ulrich"]
[Black "Eulering, Georg"]
[Result "0-1"]
[WhiteElo "1695"]
[BlackElo "2064"]
[PlyCount "48"]
[EventDate "2012.??.??"]
[SourceDate "2012.01.12"]

1. e4 Nf6 2. Nc3 d5 3. e5 Ne4 4. d4 Nxc3 5. bxc3 c5 6. Bb5+ Nc6 7. Ne2 cxd4 8.
cxd4 Qa5+ 9. Bd2 Qxb5 10. a4 Qc4 11. c3 Bf5 12. O-O Na5 13. Ng3 Bd3 14. Re1 e6
15. Re3 Bg6 16. h4 h5 17. Ne2 Be7 18. Nf4 Qb3 19. Nxg6 Qxd1+ 20. Rxd1 fxg6 21.
g3 O-O 22. Rb1 b6 23. Be1 Rac8 24. Re2 Rc4 0-1

[Event "10. Bayer Open"]
[Site "?"]
[Date "2012.01.11"]
[Round "1"]
[White "Block, Wolfgang"]
[Black "Janssen, Wolfgang"]
[Result "1-0"]
[WhiteElo "2089"]
[BlackElo "1670"]
[PlyCount "79"]
[EventDate "2012.??.??"]
[SourceDate "2012.01.12"]

1. d4 Nf6 2. c4 g6 3. Nc3 Bg7 4. e4 O-O 5. f4 d6 6. Nf3 Nbd7 7. Be2 c5 8. d5
Ne8 9. O-O f5 10. Ng5 Nb6 11. exf5 gxf5 12. Bd3 h6 13. Nf3 Nf6 14. Qc2 Kh8 15.
Nh4 e6 16. Ng6+ Kg8 17. Nxf8 Qxf8 18. dxe6 Bxe6 19. b3 Ng4 20. Bd2 Bd4+ 21. Kh1
Qf6 22. g3 Bd7 23. Be2 Re8 24. Bf3 Ne3 25. Bxe3 Rxe3 26. Nd5 Nxd5 27. Bxd5+ Kg7
28. Rae1 Qe7 29. Qd1 Bc6 30. Bxc6 bxc6 31. Rxe3 Qxe3 32. Qf3 Qe4 33. h3 Kf6 34.
Kh2 d5 35. g4 Qxf3 36. Rxf3 fxg4 37. hxg4 h5 38. Kg3 hxg4 39. Kxg4 Bc3 40. Rxc3
1-0

[Event "10. Bayer Open"]
[Site "?"]
[Date "2012.01.11"]
[Round "1"]
[White "Rist, Kurt"]
[Black "Pick, Stefan"]
[Result "0-1"]
[WhiteElo "1511"]
[BlackElo "2113"]
[PlyCount "54"]
[EventDate "2012.??.??"]
[SourceDate "2012.01.12"]

1. e4 c5 2. Nf3 Nc6 3. Bb5 g6 4. O-O Bg7 5. c3 Nf6 6. Re1 O-O 7. d4 d5 8. exd5
Qxd5 9. Bxc6 bxc6 10. Re5 Qd6 11. Qe1 cxd4 12. b3 Be6 13. Ba3 Qc7 14. cxd4 Nd7
15. Re4 c5 16. Bb2 Bd5 17. Rxe7 Bxf3 18. gxf3 cxd4 19. Qe4 Bf6 20. Nd2 Bxe7 21.
Qxe7 Rfe8 22. Qh4 Qc2 23. Qxd4 Ne5 24. Kg2 Rad8 25. Ne4 Rxd4 26. Bxd4 Nd7 27.
Re1 f5 0-1

[Event "10. Bayer Open"]
[Site "?"]
[Date "2012.01.11"]
[Round "1"]
[White "Böhm, Stefan"]
[Black "Meyer, Stefan"]
[Result "1-0"]
[WhiteElo "1941"]
[BlackElo "1662"]
[PlyCount "38"]
[EventDate "2012.??.??"]
[SourceDate "2012.01.12"]

1. d4 d5 2. c4 e6 3. Nc3 Nf6 4. cxd5 exd5 5. Bg5 Be7 6. Qc2 g6 7. e3 Bf5 8. Qb3
Bc8 9. Bxf6 Bxf6 10. Qxd5 Qe7 11. Nf3 c6 12. Qb3 Bg4 13. Be2 Bxf3 14. gxf3 O-O
15. Ne4 Bg7 16. h4 Nd7 17. h5 g5 18. h6 Bf6 19. Qxb7 Qd8 1-0

[Event "10. Bayer Open"]
[Site "?"]
[Date "2012.01.11"]
[Round "1"]
[White "Wotzka, Anton"]
[Black "Kies, Werner"]
[Result "0-1"]
[WhiteElo "1598"]
[BlackElo "1900"]
[PlyCount "46"]
[EventDate "2012.??.??"]
[SourceDate "2012.01.12"]

1. e4 c5 2. Nf3 e6 3. d4 cxd4 4. Nxd4 Nf6 5. Nc3 Bb4 6. Bd3 d5 7. f3 e5 8. Nde2
d4 9. a3 Qa5 10. Bg5 Bxc3+ 11. bxc3 dxc3 12. O-O Nc6 13. Qb1 Nd4 14. Nxd4 exd4
15. Bb5+ Bd7 16. Bxd7+ Nxd7 17. Bh4 Nc5 18. Rd1 Ne6 19. Qxb7 O-O 20. Rab1 g5
21. Bf2 Rfd8 22. Bxd4 Nxd4 23. Rxd4 Qc5 0-1

[Event "10. Bayer Open"]
[Site "?"]
[Date "2012.01.11"]
[Round "1"]
[White "Pützkaul, Karl"]
[Black "Engels, Immanuel"]
[Result "1-0"]
[WhiteElo "1778"]
[BlackElo "1528"]
[PlyCount "54"]
[EventDate "2012.??.??"]
[SourceDate "2012.01.12"]

1. e4 d5 2. exd5 Nf6 3. d4 Nxd5 4. Nf3 Bg4 5. Be2 Nc6 6. O-O e6 7. c4 Nf6 8.
Be3 Bd6 9. Nc3 O-O 10. a3 a5 11. Qd2 Qd7 12. c5 Be7 13. b4 axb4 14. axb4 Nxb4
15. Ne5 Qe8 16. Nxg4 Nxg4 17. Bxg4 b6 18. Bf3 Rxa1 19. Rxa1 bxc5 20. dxc5 Bf6
21. Rb1 Bxc3 22. Qxc3 Nd5 23. Bxd5 exd5 24. Qd4 Qa8 25. h3 Re8 26. Qb2 Qd8 27.
Bd4 f6 1-0

[Event "10. Bayer Open"]
[Site "?"]
[Date "2012.01.11"]
[Round "1"]
[White "Schäfers, Serge"]
[Black "Schimpf, Rolf"]
[Result "1/2-1/2"]
[WhiteElo "1522"]
[BlackElo "1676"]
[PlyCount "45"]
[EventDate "2012.??.??"]
[SourceDate "2012.01.12"]

1. e4 c5 2. b4 cxb4 3. a3 e5 4. Nf3 Nc6 5. Bc4 bxa3 6. Nxa3 d6 7. Bb2 Be7 8. h3
h6 9. O-O Nf6 10. Qe2 O-O 11. Rab1 a6 12. d4 exd4 13. Nxd4 Nxd4 14. Bxd4 Be6
15. Bxe6 fxe6 16. Rxb7 Kh8 17. Nc4 e5 18. Bb6 Qe8 19. Rb1 Rb8 20. Ba5 Rxb7 21.
Rxb7 Nd7 22. Qg4 Nc5 23. Nxd6 $18 1/2-1/2

[Event "10. Bayer Open"]
[Site "?"]
[Date "2012.01.11"]
[Round "1"]
[White "Brinkmann, Sven"]
[Black "Pütz, Viktor"]
[Result "1-0"]
[WhiteElo "1961"]
[BlackElo "1600"]
[PlyCount "53"]
[EventDate "2012.??.??"]
[SourceDate "2012.01.12"]

1. e4 e5 2. Nf3 Nf6 3. d4 exd4 4. e5 Ne4 5. Qxd4 d5 6. exd6 Nxd6 7. Bd3 Nc6 8.
Qe3+ Qe7 9. a3 Bg4 10. O-O Qxe3 11. Bxe3 Bxf3 12. gxf3 Be7 13. Nc3 Ne5 14. Be2
Ndc4 15. Bc1 Nb6 16. Nb5 Bd6 17. Nxd6+ cxd6 18. f4 Ng6 19. Bb5+ Kd8 20. Rd1 Ke7
21. Re1+ Kf6 22. Be3 Nd5 23. Rad1 Ndxf4 24. Rxd6+ Ne6 25. Bd4+ Kg5 26. Rd5+ Kf4
27. Be3+ 1-0

[Event "10. Bayer Open"]
[Site "?"]
[Date "2012.01.11"]
[Round "1"]
[White "Döring, Mirko"]
[Black "Jiritschka, Wolfgang"]
[Result "1/2-1/2"]
[WhiteElo "1520"]
[BlackElo "1860"]
[PlyCount "60"]
[EventDate "2012.??.??"]
[SourceDate "2012.01.12"]

1. e4 d6 2. d4 Nf6 3. Nc3 g6 4. Be3 Bg7 5. f3 Nbd7 6. Qd2 a6 7. Bh6 O-O 8. Bxg7
Kxg7 9. g4 e5 10. Nge2 exd4 11. Nxd4 Ne5 12. Be2 c5 13. Nb3 Be6 14. O-O-O Bxb3
15. cxb3 Ne8 16. h4 h6 17. f4 Nc6 18. Rdg1 Nd4 19. Kb1 b5 20. Bd1 Nc7 21. h5
Qe7 22. g5 hxg5 23. f5 b4 24. hxg6 fxg6 25. Rxg5 Rh8 26. Rxg6+ Kf7 27. Rg7+
Kxg7 28. Qg2+ Kf6 29. Qg6+ Ke5 30. Qg3+ Kf6 1/2-1/2

[Event "10. Bayer Open"]
[Site "?"]
[Date "2012.01.11"]
[Round "1"]
[White "Bosbach, Jens"]
[Black "Balduan, Karl-Heinz"]
[Result "1-0"]
[WhiteElo "1769"]
[BlackElo "1508"]
[PlyCount "31"]
[EventDate "2012.??.??"]
[SourceDate "2012.01.12"]

1. c4 c5 2. g3 Nc6 3. Bg2 e6 4. Nc3 a6 5. Nf3 Be7 6. O-O Bf6 7. Ne4 d6 8. Nxf6+
Nxf6 9. d4 cxd4 10. Nxd4 Qb6 11. Nxc6 bxc6 12. Qxd6 Bb7 13. Be3 Qd8 14. Bxc6+
Bxc6 15. Qxc6+ Ke7 16. Bc5+ 1-0

[Event "10. Bayer Open"]
[Site "?"]
[Date "2012.01.11"]
[Round "1"]
[White "Hümer, Dominik"]
[Black "Friedsam, Manfred"]
[Result "0-1"]
[WhiteElo "1477"]
[BlackElo "1828"]
[PlyCount "112"]
[EventDate "2012.??.??"]
[SourceDate "2012.01.12"]

1. d4 e6 2. Nf3 d5 3. c4 c6 4. Nc3 dxc4 5. e3 b5 6. a4 Bb4 7. Bd2 Bxc3 8. Bxc3
Nf6 9. Be2 a5 10. b4 Nd5 11. Qd2 axb4 12. Bxb4 Nxb4 13. Qxb4 Qa5 14. Qxa5 Rxa5
15. O-O Bd7 16. Rfb1 O-O 17. Ne5 Rc8 18. Kf1 f6 19. Nf3 Be8 20. Ke1 Bg6 21.
axb5 Rxa1 22. Rxa1 cxb5 23. Ra5 Be8 24. Kd1 Rc7 25. Nd2 f5 26. Bf3 Kf7 27. Kc2
Nc6 28. Bxc6 Bxc6 29. g3 Rb7 30. Kc3 Ke7 31. Kb4 Kd6 32. Nb1 g5 33. Nc3 h5 34.
Ra6 h4 35. e4 Kc7 36. d5 exd5 37. exd5 Bd7 38. d6+ Kb8 39. Nd5 hxg3 40. hxg3
Ra7 41. Rxa7 Kxa7 42. Nf6 Kb6 43. Nxd7+ Kc6 44. Ne5+ Kxd6 45. Nf3 Ke6 46. Kc3
g4 47. Nd2 $4 $11 (47. Nd4+ $18) 47... Ke5 48. Nf1 b4+ 49. Kd2 Kd4 50. Ne3 c3+
51. Kc2 Ke4 52. Kb3 Kd3 53. Kxb4 $4 (53. Nd5 $11) 53... c2 54. Nxc2 Kxc2 55.
Kc4 Kd2 56. Kd4 Ke2 0-1

[Event "10. Bayer Open"]
[Site "?"]
[Date "2012.01.11"]
[Round "1"]
[White "Scharff, Klaus"]
[Black "Jacobi, Bernd"]
[Result "1-0"]
[WhiteElo "1885"]
[BlackElo "1471"]
[PlyCount "57"]
[EventDate "2012.??.??"]
[SourceDate "2012.01.12"]

1. d4 d5 2. c4 c6 3. Nc3 Nf6 4. Nf3 a6 5. Bg5 Nbd7 6. e3 Qc7 7. Bf4 Qd8 8. Bd3
e6 9. O-O Be7 10. h3 O-O 11. a4 a5 12. Re1 Bb4 13. Re2 Re8 14. Na2 Bf8 15. Qc2
dxc4 16. Bxc4 g6 17. e4 Bg7 18. Nc3 Nb6 19. Ba2 Nh5 20. Be3 e5 21. dxe5 Bxe5
22. Qb3 Nd7 23. Qxf7+ Kh8 24. Rd1 Re7 25. Nxe5 Rxe5 26. Bd4 Ng7 27. Bxe5 Qf8
28. Rxd7 Bxd7 29. Qxd7 1-0

[Event "10. Bayer Open"]
[Site "?"]
[Date "2012.01.11"]
[Round "1"]
[White "Ramien, David"]
[Black "Speck, Stefan"]
[Result "0-1"]
[WhiteElo "1450"]
[BlackElo "1912"]
[PlyCount "116"]
[EventDate "2012.??.??"]
[SourceDate "2012.01.12"]

1. e4 Nf6 2. Nc3 e5 3. Nf3 d6 4. d4 exd4 5. Nxd4 Be7 6. Be2 O-O 7. O-O Re8 8.
Be3 c5 9. Nb3 Nc6 10. Bf3 a6 11. a4 Rb8 12. Be2 b6 13. f4 Bb7 14. Bf3 Bf8 15.
Qe2 Nb4 16. Bf2 Qc7 17. Bg3 Rbd8 18. h3 Qc8 19. Bh2 Qa8 20. Rfe1 d5 21. e5 d4
22. Bxb7 Qxb7 23. Na2 d3 24. cxd3 Nxd3 25. Red1 c4 26. Nbc1 Bc5+ 27. Kf1 Nxb2
28. Rxd8 Rxd8 29. Nc3 Nd5 30. Qxb2 Ne3+ 31. Kg1 Nd1+ 32. Kf1 Nxb2 33. N1e2 h6
34. Ng3 Qc6 35. Nce4 b5 36. axb5 axb5 37. Nxc5 Qxc5 38. Ne4 Qe3 39. Re1 Rd1 40.
Rxd1 Nxd1 41. Bg1 Qxe4 42. g3 c3 43. h4 c2 44. h5 b4 45. e6 fxe6 46. f5 e5 47.
f6 gxf6 48. g4 b3 49. g5 f5 50. g6 b2 51. g7 c1=R 52. Bf2 Ne3+ 53. Ke2 f4 54.
Be1 f3+ 55. Kf2 Rc2+ 56. Bd2 Rxd2+ 57. Kg1 Rg2+ 58. Kh1 Qh4# 0-1

[Event "10. Bayer Open"]
[Site "?"]
[Date "2012.01.11"]
[Round "1"]
[White "Liebsch, Felix"]
[Black "Yon, Gregory"]
[Result "1-0"]
[WhiteElo "1708"]
[BlackElo "1447"]
[PlyCount "45"]
[EventDate "2012.??.??"]
[SourceDate "2012.01.12"]

1. e4 d5 2. exd5 Qxd5 3. Nc3 Qa5 4. d4 c6 5. Bd2 Qd8 6. Bc4 Qxd4 7. Qe2 e6 8.
O-O-O Qd8 9. f4 Nf6 10. f5 Qe7 11. Nf3 h6 12. Rhe1 Nd5 13. Nxd5 exd5 14. Qd3
Be6 15. fxe6 f6 16. Qg6+ Kd8 17. Bf4 Na6 18. Bxd5 Qb4 19. Bxc6+ Bd6 20. Bxd6
Qxd6 21. Rxd6+ Kc7 22. Rd7+ Kxc6 23. Qe4+ 1-0

[Event "10. Bayer Open"]
[Site "?"]
[Date "2012.01.11"]
[Round "1"]
[White "Fröhling, Ewald"]
[Black "Wirtz, Uwe"]
[Result "0-1"]
[WhiteElo "1447"]
[BlackElo "1780"]
[PlyCount "60"]
[EventDate "2012.??.??"]
[SourceDate "2012.01.12"]

1. e4 Nf6 2. e5 Nd5 3. c4 Nb6 4. d4 d6 5. Bf4 Nc6 6. exd6 exd6 7. h3 Bf5 8. Nf3
Be7 9. Bd3 Qd7 10. O-O Nb4 11. Ne1 Nxd3 12. Nxd3 Nxc4 13. b3 Nb6 14. Nc3 O-O
15. Qf3 Bf6 16. Ne2 Rfe8 17. a4 Be4 18. Qg3 Nd5 19. Rfe1 Qf5 20. Nb2 Nxf4 21.
Nxf4 Bxd4 22. Ra2 Be5 23. Nbd3 Bxd3 24. Qxd3 Qxf4 25. g3 Qd4 26. Qb5 Qb6 27.
Qd7 Qc6 28. Qf5 Bf6 29. Rd1 Re5 30. Qd3 Rae8 0-1